<?xml version="1.0" encoding="UTF-8"?>
<record
    xmlns:xsi="http://www.w3.org/2001/XMLSchema-instance"
    xsi:schemaLocation="http://www.loc.gov/MARC21/slim http://www.loc.gov/standards/marcxml/schema/MARC21slim.xsd"
    xmlns="http://www.loc.gov/MARC21/slim">

  <leader>00280nam a22001097a 4500</leader>
  <datafield tag="999" ind1=" " ind2=" ">
    <subfield code="c">32048</subfield>
    <subfield code="d">32048</subfield>
  </datafield>
  <controlfield tag="003">Nust</controlfield>
  <controlfield tag="005">20170116153849.0</controlfield>
  <controlfield tag="008">170116b        xxu||||| |||| 00| 0 eng d</controlfield>
  <datafield tag="040" ind1=" " ind2=" ">
    <subfield code="c">C</subfield>
  </datafield>
  <datafield tag="082" ind1=" " ind2=" ">
    <subfield code="a">621.4021</subfield>
  </datafield>
  <datafield tag="100" ind1=" " ind2=" ">
    <subfield code="a">Moran, Michael J.</subfield>
  </datafield>
  <datafield tag="245" ind1=" " ind2=" ">
    <subfield code="a">Fundamentals of  Engineering Thermodynamics (Steam Table) /</subfield>
    <subfield code="c">Michael J.Moran,  Shapiro</subfield>
  </datafield>
  <datafield tag="260" ind1=" " ind2=" ">
    <subfield code="a">New Delhi:</subfield>
    <subfield code="b">wiley.</subfield>
    <subfield code="c">2008.</subfield>
  </datafield>
  <datafield tag="300" ind1=" " ind2=" ">
    <subfield code="a">815 to 862 p. ;</subfield>
    <subfield code="b">27 cm.</subfield>
  </datafield>
  <datafield tag="500" ind1=" " ind2=" ">
    <subfield code="a">paperback.</subfield>
  </datafield>
  <datafield tag="942" ind1=" " ind2=" ">
    <subfield code="c">BK</subfield>
    <subfield code="2">ddc</subfield>
  </datafield>
  <datafield tag="952" ind1=" " ind2=" ">
    <subfield code="0">0</subfield>
    <subfield code="1">0</subfield>
    <subfield code="2">ddc</subfield>
    <subfield code="4">0</subfield>
    <subfield code="7">0</subfield>
    <subfield code="a">SMME</subfield>
    <subfield code="b">SMME</subfield>
    <subfield code="d">2015-07-16</subfield>
    <subfield code="l">0</subfield>
    <subfield code="o">621.4021 MOR</subfield>
    <subfield code="p">SMME-633</subfield>
    <subfield code="r">2018-03-15</subfield>
    <subfield code="w">2015-07-16</subfield>
    <subfield code="y">BK</subfield>
  </datafield>
  <datafield tag="952" ind1=" " ind2=" ">
    <subfield code="0">0</subfield>
    <subfield code="1">0</subfield>
    <subfield code="2">ddc</subfield>
    <subfield code="4">0</subfield>
    <subfield code="7">0</subfield>
    <subfield code="a">SMME</subfield>
    <subfield code="b">SMME</subfield>
    <subfield code="d">2015-07-16</subfield>
    <subfield code="l">0</subfield>
    <subfield code="o">621.4021 MOR</subfield>
    <subfield code="p">SMME-634</subfield>
    <subfield code="r">2018-03-15</subfield>
    <subfield code="w">2015-07-16</subfield>
    <subfield code="y">BK</subfield>
  </datafield>
  <datafield tag="952" ind1=" " ind2=" ">
    <subfield code="0">0</subfield>
    <subfield code="1">0</subfield>
    <subfield code="2">ddc</subfield>
    <subfield code="4">0</subfield>
    <subfield code="7">0</subfield>
    <subfield code="a">SMME</subfield>
    <subfield code="b">SMME</subfield>
    <subfield code="d">2015-07-16</subfield>
    <subfield code="l">0</subfield>
    <subfield code="o">621.4021 MOR</subfield>
    <subfield code="p">SMME-635</subfield>
    <subfield code="r">2018-03-15</subfield>
    <subfield code="w">2015-07-16</subfield>
    <subfield code="y">BK</subfield>
  </datafield>
  <datafield tag="952" ind1=" " ind2=" ">
    <subfield code="0">0</subfield>
    <subfield code="1">0</subfield>
    <subfield code="2">ddc</subfield>
    <subfield code="4">0</subfield>
    <subfield code="7">0</subfield>
    <subfield code="a">SMME</subfield>
    <subfield code="b">SMME</subfield>
    <subfield code="d">2015-07-16</subfield>
    <subfield code="l">0</subfield>
    <subfield code="o">621.4021 MOR</subfield>
    <subfield code="p">SMME-636</subfield>
    <subfield code="r">2018-03-15</subfield>
    <subfield code="w">2015-07-16</subfield>
    <subfield code="y">BK</subfield>
  </datafield>
  <datafield tag="952" ind1=" " ind2=" ">
    <subfield code="0">0</subfield>
    <subfield code="1">0</subfield>
    <subfield code="2">ddc</subfield>
    <subfield code="4">0</subfield>
    <subfield code="7">0</subfield>
    <subfield code="a">SMME</subfield>
    <subfield code="b">SMME</subfield>
    <subfield code="d">2015-07-16</subfield>
    <subfield code="l">0</subfield>
    <subfield code="o">621.4021 MOR</subfield>
    <subfield code="p">SMME-637</subfield>
    <subfield code="r">2018-03-15</subfield>
    <subfield code="w">2015-07-16</subfield>
    <subfield code="y">BK</subfield>
  </datafield>
  <datafield tag="952" ind1=" " ind2=" ">
    <subfield code="0">0</subfield>
    <subfield code="1">0</subfield>
    <subfield code="2">ddc</subfield>
    <subfield code="4">0</subfield>
    <subfield code="7">0</subfield>
    <subfield code="a">SMME</subfield>
    <subfield code="b">SMME</subfield>
    <subfield code="d">2015-07-16</subfield>
    <subfield code="l">0</subfield>
    <subfield code="o">621.4021 MOR</subfield>
    <subfield code="p">SMME-638</subfield>
    <subfield code="r">2018-03-15</subfield>
    <subfield code="w">2015-07-16</subfield>
    <subfield code="y">BK</subfield>
  </datafield>
  <datafield tag="952" ind1=" " ind2=" ">
    <subfield code="0">0</subfield>
    <subfield code="1">0</subfield>
    <subfield code="2">ddc</subfield>
    <subfield code="4">0</subfield>
    <subfield code="7">0</subfield>
    <subfield code="a">SMME</subfield>
    <subfield code="b">SMME</subfield>
    <subfield code="d">2015-07-16</subfield>
    <subfield code="l">0</subfield>
    <subfield code="o">621.4021 MOR</subfield>
    <subfield code="p">SMME-639</subfield>
    <subfield code="r">2018-03-15</subfield>
    <subfield code="w">2015-07-16</subfield>
    <subfield code="y">BK</subfield>
  </datafield>
  <datafield tag="952" ind1=" " ind2=" ">
    <subfield code="0">0</subfield>
    <subfield code="1">0</subfield>
    <subfield code="2">ddc</subfield>
    <subfield code="4">0</subfield>
    <subfield code="7">0</subfield>
    <subfield code="a">SMME</subfield>
    <subfield code="b">SMME</subfield>
    <subfield code="d">2015-07-16</subfield>
    <subfield code="l">0</subfield>
    <subfield code="o">621.4021 MOR</subfield>
    <subfield code="p">SMME-640</subfield>
    <subfield code="r">2018-03-15</subfield>
    <subfield code="w">2015-07-16</subfield>
    <subfield code="y">BK</subfield>
  </datafield>
  <datafield tag="952" ind1=" " ind2=" ">
    <subfield code="0">0</subfield>
    <subfield code="1">0</subfield>
    <subfield code="2">ddc</subfield>
    <subfield code="4">0</subfield>
    <subfield code="7">0</subfield>
    <subfield code="a">SMME</subfield>
    <subfield code="b">SMME</subfield>
    <subfield code="d">2015-07-16</subfield>
    <subfield code="l">0</subfield>
    <subfield code="o">621.4021 MOR</subfield>
    <subfield code="p">SMME-641</subfield>
    <subfield code="r">2018-03-15</subfield>
    <subfield code="w">2015-07-16</subfield>
    <subfield code="y">BK</subfield>
  </datafield>
  <datafield tag="952" ind1=" " ind2=" ">
    <subfield code="0">0</subfield>
    <subfield code="1">0</subfield>
    <subfield code="2">ddc</subfield>
    <subfield code="4">0</subfield>
    <subfield code="7">0</subfield>
    <subfield code="a">SMME</subfield>
    <subfield code="b">SMME</subfield>
    <subfield code="d">2015-07-16</subfield>
    <subfield code="l">0</subfield>
    <subfield code="o">621.4021 MOR</subfield>
    <subfield code="p">SMME-642</subfield>
    <subfield code="r">2018-03-15</subfield>
    <subfield code="w">2015-07-16</subfield>
    <subfield code="y">BK</subfield>
  </datafield>
  <datafield tag="952" ind1=" " ind2=" ">
    <subfield code="0">0</subfield>
    <subfield code="1">0</subfield>
    <subfield code="2">ddc</subfield>
    <subfield code="4">0</subfield>
    <subfield code="7">0</subfield>
    <subfield code="a">SMME</subfield>
    <subfield code="b">SMME</subfield>
    <subfield code="d">2015-07-16</subfield>
    <subfield code="l">0</subfield>
    <subfield code="o">621.4021 MOR</subfield>
    <subfield code="p">SMME-643</subfield>
    <subfield code="r">2018-03-29</subfield>
    <subfield code="w">2015-07-16</subfield>
    <subfield code="y">BK</subfield>
  </datafield>
  <datafield tag="952" ind1=" " ind2=" ">
    <subfield code="0">0</subfield>
    <subfield code="1">0</subfield>
    <subfield code="2">ddc</subfield>
    <subfield code="4">0</subfield>
    <subfield code="7">0</subfield>
    <subfield code="a">SMME</subfield>
    <subfield code="b">SMME</subfield>
    <subfield code="d">2015-07-16</subfield>
    <subfield code="l">0</subfield>
    <subfield code="o">621.4021 MOR</subfield>
    <subfield code="p">SMME-644</subfield>
    <subfield code="r">2018-03-15</subfield>
    <subfield code="w">2015-07-16</subfield>
    <subfield code="y">BK</subfield>
  </datafield>
  <datafield tag="952" ind1=" " ind2=" ">
    <subfield code="0">0</subfield>
    <subfield code="1">0</subfield>
    <subfield code="2">ddc</subfield>
    <subfield code="4">0</subfield>
    <subfield code="7">0</subfield>
    <subfield code="a">SMME</subfield>
    <subfield code="b">SMME</subfield>
    <subfield code="d">2015-07-16</subfield>
    <subfield code="l">0</subfield>
    <subfield code="o">621.4021 MOR</subfield>
    <subfield code="p">SMME-645</subfield>
    <subfield code="r">2018-03-15</subfield>
    <subfield code="w">2015-07-16</subfield>
    <subfield code="y">BK</subfield>
  </datafield>
  <datafield tag="952" ind1=" " ind2=" ">
    <subfield code="0">0</subfield>
    <subfield code="1">0</subfield>
    <subfield code="2">ddc</subfield>
    <subfield code="4">0</subfield>
    <subfield code="7">0</subfield>
    <subfield code="a">SMME</subfield>
    <subfield code="b">SMME</subfield>
    <subfield code="d">2015-07-16</subfield>
    <subfield code="l">0</subfield>
    <subfield code="o">621.4021 MOR</subfield>
    <subfield code="p">SMME-646</subfield>
    <subfield code="r">2018-03-15</subfield>
    <subfield code="w">2015-07-16</subfield>
    <subfield code="y">BK</subfield>
  </datafield>
  <datafield tag="952" ind1=" " ind2=" ">
    <subfield code="0">0</subfield>
    <subfield code="1">0</subfield>
    <subfield code="2">ddc</subfield>
    <subfield code="4">0</subfield>
    <subfield code="7">0</subfield>
    <subfield code="a">SMME</subfield>
    <subfield code="b">SMME</subfield>
    <subfield code="d">2015-07-16</subfield>
    <subfield code="l">0</subfield>
    <subfield code="o">621.4021 MOR</subfield>
    <subfield code="p">SMME-647</subfield>
    <subfield code="r">2018-03-15</subfield>
    <subfield code="w">2015-07-16</subfield>
    <subfield code="y">BK</subfield>
  </datafield>
  <datafield tag="952" ind1=" " ind2=" ">
    <subfield code="0">0</subfield>
    <subfield code="1">0</subfield>
    <subfield code="2">ddc</subfield>
    <subfield code="4">0</subfield>
    <subfield code="7">0</subfield>
    <subfield code="a">SMME</subfield>
    <subfield code="b">SMME</subfield>
    <subfield code="d">2015-07-16</subfield>
    <subfield code="l">0</subfield>
    <subfield code="o">621.4021 MOR</subfield>
    <subfield code="p">SMME-648</subfield>
    <subfield code="r">2018-03-15</subfield>
    <subfield code="w">2015-07-16</subfield>
    <subfield code="y">BK</subfield>
  </datafield>
  <datafield tag="952" ind1=" " ind2=" ">
    <subfield code="0">0</subfield>
    <subfield code="1">0</subfield>
    <subfield code="2">ddc</subfield>
    <subfield code="4">0</subfield>
    <subfield code="7">0</subfield>
    <subfield code="a">SMME</subfield>
    <subfield code="b">SMME</subfield>
    <subfield code="d">2015-07-16</subfield>
    <subfield code="l">0</subfield>
    <subfield code="o">621.4021 MOR</subfield>
    <subfield code="p">SMME-649</subfield>
    <subfield code="r">2018-03-15</subfield>
    <subfield code="w">2015-07-16</subfield>
    <subfield code="y">BK</subfield>
  </datafield>
  <datafield tag="952" ind1=" " ind2=" ">
    <subfield code="0">0</subfield>
    <subfield code="1">0</subfield>
    <subfield code="2">ddc</subfield>
    <subfield code="4">0</subfield>
    <subfield code="7">0</subfield>
    <subfield code="a">SMME</subfield>
    <subfield code="b">SMME</subfield>
    <subfield code="d">2015-07-16</subfield>
    <subfield code="l">0</subfield>
    <subfield code="o">621.4021 MOR</subfield>
    <subfield code="p">SMME-650</subfield>
    <subfield code="r">2018-03-15</subfield>
    <subfield code="w">2015-07-16</subfield>
    <subfield code="y">BK</subfield>
  </datafield>
  <datafield tag="952" ind1=" " ind2=" ">
    <subfield code="0">0</subfield>
    <subfield code="1">0</subfield>
    <subfield code="2">ddc</subfield>
    <subfield code="4">0</subfield>
    <subfield code="7">0</subfield>
    <subfield code="a">SMME</subfield>
    <subfield code="b">SMME</subfield>
    <subfield code="d">2015-07-16</subfield>
    <subfield code="l">0</subfield>
    <subfield code="o">621.4021 MOR</subfield>
    <subfield code="p">SMME-651</subfield>
    <subfield code="r">2018-03-15</subfield>
    <subfield code="w">2015-09-13</subfield>
    <subfield code="y">BK</subfield>
  </datafield>
  <datafield tag="952" ind1=" " ind2=" ">
    <subfield code="0">0</subfield>
    <subfield code="1">0</subfield>
    <subfield code="2">ddc</subfield>
    <subfield code="4">0</subfield>
    <subfield code="7">0</subfield>
    <subfield code="a">SMME</subfield>
    <subfield code="b">SMME</subfield>
    <subfield code="d">2015-07-16</subfield>
    <subfield code="l">0</subfield>
    <subfield code="o">621.4021 MOR</subfield>
    <subfield code="p">SMME-652</subfield>
    <subfield code="r">2018-03-15</subfield>
    <subfield code="w">2015-07-16</subfield>
    <subfield code="y">BK</subfield>
  </datafield>
  <datafield tag="952" ind1=" " ind2=" ">
    <subfield code="0">0</subfield>
    <subfield code="1">0</subfield>
    <subfield code="2">ddc</subfield>
    <subfield code="4">0</subfield>
    <subfield code="7">0</subfield>
    <subfield code="a">SMME</subfield>
    <subfield code="b">SMME</subfield>
    <subfield code="d">2015-07-16</subfield>
    <subfield code="l">0</subfield>
    <subfield code="o">621.4021 MOR</subfield>
    <subfield code="p">SMME-653</subfield>
    <subfield code="r">2018-03-15</subfield>
    <subfield code="w">2015-07-16</subfield>
    <subfield code="y">BK</subfield>
  </datafield>
  <datafield tag="952" ind1=" " ind2=" ">
    <subfield code="0">0</subfield>
    <subfield code="1">0</subfield>
    <subfield code="2">ddc</subfield>
    <subfield code="4">0</subfield>
    <subfield code="7">0</subfield>
    <subfield code="a">SMME</subfield>
    <subfield code="b">SMME</subfield>
    <subfield code="d">2015-07-16</subfield>
    <subfield code="l">0</subfield>
    <subfield code="o">621.4021 MOR</subfield>
    <subfield code="p">SMME-654</subfield>
    <subfield code="r">2018-03-15</subfield>
    <subfield code="w">2015-07-16</subfield>
    <subfield code="y">BK</subfield>
  </datafield>
  <datafield tag="952" ind1=" " ind2=" ">
    <subfield code="0">0</subfield>
    <subfield code="1">0</subfield>
    <subfield code="2">ddc</subfield>
    <subfield code="4">0</subfield>
    <subfield code="7">0</subfield>
    <subfield code="a">SMME</subfield>
    <subfield code="b">SMME</subfield>
    <subfield code="d">2015-07-16</subfield>
    <subfield code="l">0</subfield>
    <subfield code="o">621.4021 MOR</subfield>
    <subfield code="p">SMME-655</subfield>
    <subfield code="r">2018-03-15</subfield>
    <subfield code="w">2015-07-16</subfield>
    <subfield code="y">BK</subfield>
  </datafield>
  <datafield tag="952" ind1=" " ind2=" ">
    <subfield code="0">0</subfield>
    <subfield code="1">0</subfield>
    <subfield code="2">ddc</subfield>
    <subfield code="4">0</subfield>
    <subfield code="7">0</subfield>
    <subfield code="a">SMME</subfield>
    <subfield code="b">SMME</subfield>
    <subfield code="d">2015-07-16</subfield>
    <subfield code="l">0</subfield>
    <subfield code="o">621.4021 MOR</subfield>
    <subfield code="p">SMME-656</subfield>
    <subfield code="r">2018-03-15</subfield>
    <subfield code="w">2015-07-16</subfield>
    <subfield code="y">BK</subfield>
  </datafield>
  <datafield tag="952" ind1=" " ind2=" ">
    <subfield code="0">0</subfield>
    <subfield code="1">0</subfield>
    <subfield code="2">ddc</subfield>
    <subfield code="4">0</subfield>
    <subfield code="7">0</subfield>
    <subfield code="a">SMME</subfield>
    <subfield code="b">SMME</subfield>
    <subfield code="d">2015-07-16</subfield>
    <subfield code="l">0</subfield>
    <subfield code="o">621.4021 MOR</subfield>
    <subfield code="p">SMME-657</subfield>
    <subfield code="r">2018-03-15</subfield>
    <subfield code="w">2015-07-16</subfield>
    <subfield code="y">BK</subfield>
  </datafield>
  <datafield tag="952" ind1=" " ind2=" ">
    <subfield code="0">0</subfield>
    <subfield code="1">0</subfield>
    <subfield code="2">ddc</subfield>
    <subfield code="4">0</subfield>
    <subfield code="7">0</subfield>
    <subfield code="a">SMME</subfield>
    <subfield code="b">SMME</subfield>
    <subfield code="d">2015-07-16</subfield>
    <subfield code="l">0</subfield>
    <subfield code="o">621.4021 MOR</subfield>
    <subfield code="p">SMME-658</subfield>
    <subfield code="r">2018-03-15</subfield>
    <subfield code="w">2015-07-16</subfield>
    <subfield code="y">BK</subfield>
  </datafield>
  <datafield tag="952" ind1=" " ind2=" ">
    <subfield code="0">0</subfield>
    <subfield code="1">0</subfield>
    <subfield code="2">ddc</subfield>
    <subfield code="4">0</subfield>
    <subfield code="7">0</subfield>
    <subfield code="a">SMME</subfield>
    <subfield code="b">SMME</subfield>
    <subfield code="d">2015-07-16</subfield>
    <subfield code="l">0</subfield>
    <subfield code="o">621.4021 MOR</subfield>
    <subfield code="p">SMME-659</subfield>
    <subfield code="r">2018-03-15</subfield>
    <subfield code="w">2015-07-16</subfield>
    <subfield code="y">BK</subfield>
  </datafield>
  <datafield tag="952" ind1=" " ind2=" ">
    <subfield code="0">0</subfield>
    <subfield code="1">0</subfield>
    <subfield code="2">ddc</subfield>
    <subfield code="4">0</subfield>
    <subfield code="7">0</subfield>
    <subfield code="a">SMME</subfield>
    <subfield code="b">SMME</subfield>
    <subfield code="d">2015-07-16</subfield>
    <subfield code="l">0</subfield>
    <subfield code="o">621.4021 MOR</subfield>
    <subfield code="p">SMME-660</subfield>
    <subfield code="r">2018-03-15</subfield>
    <subfield code="w">2015-07-16</subfield>
    <subfield code="y">BK</subfield>
  </datafield>
  <datafield tag="952" ind1=" " ind2=" ">
    <subfield code="0">0</subfield>
    <subfield code="1">0</subfield>
    <subfield code="2">ddc</subfield>
    <subfield code="4">0</subfield>
    <subfield code="7">0</subfield>
    <subfield code="a">SMME</subfield>
    <subfield code="b">SMME</subfield>
    <subfield code="d">2015-07-16</subfield>
    <subfield code="l">0</subfield>
    <subfield code="o">621.4021 MOR</subfield>
    <subfield code="p">SMME-661</subfield>
    <subfield code="r">2018-03-15</subfield>
    <subfield code="w">2015-07-16</subfield>
    <subfield code="y">BK</subfield>
  </datafield>
  <datafield tag="952" ind1=" " ind2=" ">
    <subfield code="0">0</subfield>
    <subfield code="1">0</subfield>
    <subfield code="2">ddc</subfield>
    <subfield code="4">0</subfield>
    <subfield code="7">0</subfield>
    <subfield code="a">SMME</subfield>
    <subfield code="b">SMME</subfield>
    <subfield code="d">2015-07-16</subfield>
    <subfield code="l">0</subfield>
    <subfield code="o">621.4021 MOR</subfield>
    <subfield code="p">SMME-662</subfield>
    <subfield code="r">2018-03-15</subfield>
    <subfield code="w">2015-07-16</subfield>
    <subfield code="y">BK</subfield>
  </datafield>
  <datafield tag="952" ind1=" " ind2=" ">
    <subfield code="0">0</subfield>
    <subfield code="1">0</subfield>
    <subfield code="2">ddc</subfield>
    <subfield code="4">0</subfield>
    <subfield code="7">0</subfield>
    <subfield code="a">SMME</subfield>
    <subfield code="b">SMME</subfield>
    <subfield code="d">2015-07-16</subfield>
    <subfield code="l">0</subfield>
    <subfield code="o">621.4021 MOR</subfield>
    <subfield code="p">SMME-663</subfield>
    <subfield code="r">2018-03-15</subfield>
    <subfield code="w">2015-07-16</subfield>
    <subfield code="y">BK</subfield>
  </datafield>
  <datafield tag="952" ind1=" " ind2=" ">
    <subfield code="0">0</subfield>
    <subfield code="1">0</subfield>
    <subfield code="2">ddc</subfield>
    <subfield code="4">0</subfield>
    <subfield code="7">0</subfield>
    <subfield code="a">SMME</subfield>
    <subfield code="b">SMME</subfield>
    <subfield code="d">2015-07-16</subfield>
    <subfield code="l">0</subfield>
    <subfield code="o">621.4021 MOR</subfield>
    <subfield code="p">SMME-664</subfield>
    <subfield code="r">2018-03-15</subfield>
    <subfield code="w">2015-07-16</subfield>
    <subfield code="y">BK</subfield>
  </datafield>
  <datafield tag="952" ind1=" " ind2=" ">
    <subfield code="0">0</subfield>
    <subfield code="1">0</subfield>
    <subfield code="2">ddc</subfield>
    <subfield code="4">0</subfield>
    <subfield code="7">0</subfield>
    <subfield code="a">SMME</subfield>
    <subfield code="b">SMME</subfield>
    <subfield code="d">2015-07-16</subfield>
    <subfield code="l">0</subfield>
    <subfield code="o">621.4021 MOR</subfield>
    <subfield code="p">SMME-665</subfield>
    <subfield code="r">2018-03-15</subfield>
    <subfield code="w">2015-07-16</subfield>
    <subfield code="y">BK</subfield>
  </datafield>
  <datafield tag="952" ind1=" " ind2=" ">
    <subfield code="0">0</subfield>
    <subfield code="1">0</subfield>
    <subfield code="2">ddc</subfield>
    <subfield code="4">0</subfield>
    <subfield code="7">0</subfield>
    <subfield code="a">SMME</subfield>
    <subfield code="b">SMME</subfield>
    <subfield code="d">2015-07-16</subfield>
    <subfield code="l">0</subfield>
    <subfield code="o">621.4021 MOR</subfield>
    <subfield code="p">SMME-666</subfield>
    <subfield code="r">2018-03-15</subfield>
    <subfield code="w">2015-07-16</subfield>
    <subfield code="y">BK</subfield>
  </datafield>
  <datafield tag="952" ind1=" " ind2=" ">
    <subfield code="0">0</subfield>
    <subfield code="1">0</subfield>
    <subfield code="2">ddc</subfield>
    <subfield code="4">0</subfield>
    <subfield code="7">0</subfield>
    <subfield code="a">SMME</subfield>
    <subfield code="b">SMME</subfield>
    <subfield code="d">2015-07-16</subfield>
    <subfield code="l">0</subfield>
    <subfield code="o">621.4021 MOR</subfield>
    <subfield code="p">SMME-667</subfield>
    <subfield code="r">2018-03-15</subfield>
    <subfield code="w">2015-07-16</subfield>
    <subfield code="y">BK</subfield>
  </datafield>
  <datafield tag="952" ind1=" " ind2=" ">
    <subfield code="0">0</subfield>
    <subfield code="1">0</subfield>
    <subfield code="2">ddc</subfield>
    <subfield code="4">0</subfield>
    <subfield code="7">0</subfield>
    <subfield code="a">SMME</subfield>
    <subfield code="b">SMME</subfield>
    <subfield code="d">2015-07-16</subfield>
    <subfield code="l">0</subfield>
    <subfield code="o">621.4021 MOR</subfield>
    <subfield code="p">SMME-668</subfield>
    <subfield code="r">2018-03-15</subfield>
    <subfield code="w">2015-07-16</subfield>
    <subfield code="y">BK</subfield>
  </datafield>
  <datafield tag="952" ind1=" " ind2=" ">
    <subfield code="0">0</subfield>
    <subfield code="1">0</subfield>
    <subfield code="2">ddc</subfield>
    <subfield code="4">0</subfield>
    <subfield code="7">0</subfield>
    <subfield code="a">SMME</subfield>
    <subfield code="b">SMME</subfield>
    <subfield code="d">2015-07-16</subfield>
    <subfield code="l">0</subfield>
    <subfield code="o">621.4021 MOR</subfield>
    <subfield code="p">SMME-669</subfield>
    <subfield code="r">2018-03-15</subfield>
    <subfield code="w">2015-07-16</subfield>
    <subfield code="y">BK</subfield>
  </datafield>
  <datafield tag="952" ind1=" " ind2=" ">
    <subfield code="0">0</subfield>
    <subfield code="1">0</subfield>
    <subfield code="2">ddc</subfield>
    <subfield code="4">0</subfield>
    <subfield code="7">0</subfield>
    <subfield code="a">SMME</subfield>
    <subfield code="b">SMME</subfield>
    <subfield code="d">2015-07-16</subfield>
    <subfield code="l">0</subfield>
    <subfield code="o">621.4021 MOR</subfield>
    <subfield code="p">SMME-670</subfield>
    <subfield code="r">2024-05-20</subfield>
    <subfield code="w">2015-07-16</subfield>
    <subfield code="y">BK</subfield>
  </datafield>
  <datafield tag="952" ind1=" " ind2=" ">
    <subfield code="0">0</subfield>
    <subfield code="1">0</subfield>
    <subfield code="2">ddc</subfield>
    <subfield code="4">0</subfield>
    <subfield code="7">0</subfield>
    <subfield code="a">SMME</subfield>
    <subfield code="b">SMME</subfield>
    <subfield code="d">2015-07-16</subfield>
    <subfield code="l">0</subfield>
    <subfield code="o">621.4021 MOR</subfield>
    <subfield code="p">SMME-671</subfield>
    <subfield code="r">2018-03-15</subfield>
    <subfield code="w">2015-07-16</subfield>
    <subfield code="y">BK</subfield>
  </datafield>
  <datafield tag="952" ind1=" " ind2=" ">
    <subfield code="0">0</subfield>
    <subfield code="1">0</subfield>
    <subfield code="2">ddc</subfield>
    <subfield code="4">0</subfield>
    <subfield code="7">0</subfield>
    <subfield code="a">SMME</subfield>
    <subfield code="b">SMME</subfield>
    <subfield code="d">2015-07-16</subfield>
    <subfield code="l">0</subfield>
    <subfield code="o">621.4021 MOR</subfield>
    <subfield code="p">SMME-672</subfield>
    <subfield code="r">2018-03-15</subfield>
    <subfield code="w">2015-07-16</subfield>
    <subfield code="y">BK</subfield>
  </datafield>
</record>
